000 00331nam a2200109Ia 4500
008 221009s9999 xx 000 0 und d
082 _a800 BOOK
100 _aअवस्‍थी राजेन्‍द्र
_945511
245 0 _aशहर से दूर
260 _bनेशनल पब्लिकेशन
942 _cBK
999 _c64666
_d64666